The American past (Record no. 83908)

MARC details
000 -LEADER
fixed length control field 00717nam a2200157 a 4500
008 - FIXED-LENGTH DATA ELEMENTS--GENERAL INFORMATION
fixed length control field 120416s1961 xx |||||||||||||| || u
050 ## - LIBRARY OF CONGRESS CALL NUMBER
Classification number E 178.6 Ame
100 ## - MAIN ENTRY--PERSONAL NAME
Personal name Fine, Sidney A
245 14 - TITLE STATEMENT
Title The American past
Statement of responsibility, etc. edited by Sidney A. Fine
246 ## -
-- conflicting interpretations of the great issues
260 ## - PUBLICATION, DISTRIBUTION, ETC.
Date of publication, distribution, etc. 1961
350 ## -
-- 0.00
700 ## - ADDED ENTRY--PERSONAL NAME
Personal name Brown, Gerald S
995 ## -
-- MAIN LIBRARY OPEN ACCESS
-- 0.00
-- 709907
-- CBU-MAIN LIBRARY (Kitwe)
-- 1
-- 8.00
-- E 178.6 Ame
-- 1
-- AVAILABLE
-- Oct 11, 2006
-- 001179
-- Main Library Open Access Collection
995 ## -
-- MAIN LIBRARY OPEN ACCESS
-- 0.00
-- 709906
-- CBU-MAIN LIBRARY (Kitwe)
-- 2
-- 8.00
-- E 178.6 Ame
-- 2
-- AVAILABLE
-- Oct 11, 2006
-- 001180
-- Main Library Open Access Collection
999 ## -
-- 83908
-- 83908
Holdings
Withdrawn status Lost status Source of classification or shelving scheme Damaged status Not for loan Permanent Location Current Location Shelving location Date acquired Total Checkouts Full call number Barcode Date last seen Copy number Price effective from Koha item type
          CBU-MAIN LIBRARY, KITWE. CBU-MAIN LIBRARY, KITWE.   01/08/2024   E 178.6 Ame 001179 01/08/2024 1 01/08/2024 MONOGRAPH
          CBU-MAIN LIBRARY, KITWE. CBU-MAIN LIBRARY, KITWE.   01/08/2024   E 178.6 Ame 001180 01/08/2024 2 01/08/2024 MONOGRAPH